Longest Country Surnames by Continent - Statistics

General Stats
  • This quiz has been taken 14 times
  • The average score is 3 of 6
Answer Stats
Continent Answer % Correct
Asia Peoples Republic of China
100%
Europe The United Kingdom of Great Britain and Northern Ireland
83%
South America Bolivarian Republic of Venezuela
33%
Oceania Federated States of Micronesia
33%
Africa Democratic Republic of Sao Tome and Principe
17%
North America Federation of Saint Christopher and Nevisa
0%
No matching quizzes found
Score Distribution
Percent of People with Each Score
Percentile by Number Answered
Your Score History
You have not taken this quiz